000 00887nam a2200277Ia 4500
005 20260320195745.0
008 008 262003s9999 xx 000 0 hin d
020 _a9788126730988
037 _aEBOOK
040 _aCRL
040 _bhin
040 _cCRL
041 _2hin
041 _ahin
084 _qCRL
100 _aनैय्यर मसूद, अनु. महेश वर्मा, नील रंजन वर्मा, नजर अब्बास, मौलाना मशकूर हसन कादरी
_91133025
245 0 _aगंजीफ़ा और अन्य कहानियाँ
250 _a1st
260 _bRajkamal
260 _c2018
300 _a147
856 _uhttps://ebook.indiaread.in/pdfs/464_ganjifa_aur_anya_kahaniyan_by_naiyar_masood.pdf
942 _cEBOOK
999 _c1716330
_d1716330